Estatísticas para Marrocos

Clique aqui para jogar o quiz

Estatísticas Gerais

  • Esse quiz foi jogado 7 vezes
  • A pontuação média é 7 de 15

Estatísticas das Respostas

HintResposta% Correto
Onde fica?África
100%
Qual é o seu idioma?Árabe
100%
Qual é a sua religião?Islamismo
100%
Qual é a sua capital?Rabate
100%
Quantas vezes rezam por dia?5
80%
Que mão usam os marroquinos para comer?Direita
80%
Qual é o seu código ISO?MAR
80%
Qual é o desporto mais popular?Futebol
60%
Qual é a sua cidade mais populosa?Casablanca
40%
Que bebida bebem os marroquinos antes e depois da refeição?Chá verde
0%
Qual é a sua moeda?Dirrã maroquino
0%
Qual é o símbolo que para os marroquinos significa amor?Fígado
0%
O que dizem os marroquinos no fim de cada refeição?Graças a Deus
0%
Qual é o seu ponto mais alto?Jbel Toubkal
0%
Qual é a palavra em árabe que significa obrigada?Shukran
0%

Distribuição das Pontuações

Percentil de Números Respondidos

Porcentagem de Pessoas com Cada Pontuação

Sua Pontuação Histórica

Você não jogou esse quiz